<?xml version="1.0" encoding="UTF-8"?>
<marc:record xmlns:marc="http://www.loc.gov/MARC21/slim">
   <marc:leader>00000nam a2200000 a 4500</marc:leader>
   <marc:datafield ind1="1" ind2=" " tag="100">
      <marc:subfield code="a">Ungerer, Tomi</marc:subfield>
      <marc:subfield code="4">aut</marc:subfield>
      <marc:subfield code="e">Verfasser/-in</marc:subfield>
   </marc:datafield>
   <marc:datafield ind1="1" ind2=" " tag="100">
      <marc:subfield code="a">Ungerer, Tomi</marc:subfield>
   </marc:datafield>
   <marc:datafield ind1=" " ind2=" " tag="653">
      <marc:subfield code="a">Erwachsener Sohn</marc:subfield>
   </marc:datafield>
   <marc:datafield ind1=" " ind2=" " tag="653">
      <marc:subfield code="a">Geburtstagsgeschenk</marc:subfield>
   </marc:datafield>
   <marc:datafield ind1=" " ind2=" " tag="653">
      <marc:subfield code="a">Schlangen</marc:subfield>
   </marc:datafield>
   <marc:datafield ind1=" " ind2=" " tag="653">
      <marc:subfield code="a">Haustiere</marc:subfield>
   </marc:datafield>
   <marc:datafield ind1=" " ind2=" " tag="653">
      <marc:subfield code="a">Softcover</marc:subfield>
   </marc:datafield>
   <marc:datafield ind1=" " ind2=" " tag="653">
      <marc:subfield code="a">Karte</marc:subfield>
   </marc:datafield>
   <marc:datafield ind1=" " ind2=" " tag="653">
      <marc:subfield code="a">Jugendbuch / Bilderbücher</marc:subfield>
   </marc:datafield>
   <marc:datafield ind1=" " ind2=" " tag="653">
      <marc:subfield code="a">Bilderbuch</marc:subfield>
   </marc:datafield>
   <marc:datafield ind1="0" ind2="0" tag="245">
      <marc:subfield code="a">Crictor, die gute Schlange</marc:subfield>
   </marc:datafield>
   <marc:datafield ind1="0" ind2="0" tag="245">
      <marc:subfield code="c">Tomi Ungerer. [Aus dem Amerikan. von Hans Ulrik</marc:subfield>
   </marc:datafield>
   <marc:datafield ind1=" " ind2="1" tag="264">
      <marc:subfield code="a">Weinheim</marc:subfield>
      <marc:subfield code="b">Beltz und Gelberg</marc:subfield>
      <marc:subfield code="c">2006</marc:subfield>
   </marc:datafield>
   <marc:datafield ind1="1" ind2=" " tag="490">
      <marc:subfield code="a">Abenteuer Lesen : Box 2</marc:subfield>
      <marc:subfield code="v">3</marc:subfield>
   </marc:datafield>
   <marc:datafield ind1="1" ind2=" " tag="520">
      <marc:subfield code="a">Angaben aus der Verlagsmeldung

Crictor, die gute Schlage : Bilderbuch / von Tomi Ungerer

"In einer kleinen Stadt in Frankreich lebte einmal eine alte Dame, die Madame Louise Bodot hieß. Eines Morgens brachte ihr der Postbote ein merkwürdiges Paket. Madame Bodot kreischte, als sie es öffnete. Es war eine Schlange drin." "Wie gesagt: ein Lieblingsbilderbuch" Hilde Elisabeth Menzel, Süddeutsche Zeitung "Es gibt Bilderbücher, die braucht man nur einmal durchzublättern, und schon will man sie besitzen, räumt ihnen in Gedanken einen Ehrenplatz auf dem Regal der Lieblingsbücher ein. Mit einem solchen Bilderbuch haben wir es hier zu tun." Süddeutsche Zeitung "Das ganze Buch ist eine Pracht, höchste Empfehlungsstufe. Der Text ist beste Minimaldichtung. Die Bilder ein rechter Herzensbrecher.« " Iris Radisch, DIE ZEIT "Eine literarische und bildnerische Kostbarkeit." Wilhelm Sinkovicz, Spectrum "Ein rührend schönes Bilderbuch über die Bewältigung von Ängsten." Silke Rabus, Buchkultur "Danke für fünfter sein. Es ist so schön!" Elke Heidenreich "Feinfühlig und wohlüberlegt erklärt diese engagierte Bildergeschichte kleinen Kindern, warum sie keine Angst vor Arzt und Wartezimmer haben müssen. Der frische, raffinierte Text unterstreicht im Zusammenspiel mit den eleganten und zurückhaltenden Illustrationen die Klarheit und Wirksamkeit dieses bezaubernden Buches." Aus der Jury-Begründung für den Ehrenpreis BolognaRagazzi
</marc:subfield>
   </marc:datafield>
   <marc:datafield ind1=" " ind2=" " tag="020">
      <marc:subfield code="a">9783407730091</marc:subfield>
      <marc:subfield code="9">9783407730091</marc:subfield>
   </marc:datafield>
   <marc:datafield ind1=" " ind2=" " tag="020">
      <marc:subfield code="a">3407730098</marc:subfield>
      <marc:subfield code="9">3407730098</marc:subfield>
   </marc:datafield>
   <marc:datafield ind1=" " ind2=" " tag="041">
      <marc:subfield code="a">ger</marc:subfield>
   </marc:datafield>
   <marc:datafield ind1=" " ind2=" " tag="300">
      <marc:subfield code="a">31 S.</marc:subfield>
   </marc:datafield>
</marc:record>
